Harvard business review on nonprofits.
Na minha lista:
| Formato: | Livro |
|---|---|
| Publicado em: |
Boston :
Harvard Business School Press,
c1999.
|
| Colecção: | The Harvard business review paperback series
|
| Assuntos: | |
| Tags: |
Adicionar Tag
Sem tags, seja o primeiro a adicionar uma tag!
|
MARC
| LEADER | 00000cam a2200000 a 4500 | ||
|---|---|---|---|
| 020 | |a 0875849091 |c TZS 21190.244 | ||
| 040 | |a MUL |b eng. |e AACR | ||
| 082 | 0 | 0 | |a 658.048 HAR |
| 245 | 0 | 0 | |a Harvard business review on nonprofits. |
| 260 | |a Boston : |b Harvard Business School Press, |c c1999. | ||
| 300 | |a v, 209 p. : |b ill. ; |c 21 cm. | ||
| 440 | 4 | |a The Harvard business review paperback series | |
| 504 | |a Includes bibliographical references and index. | ||
| 546 | |a eng. | ||
| 650 | 0 | |a Nonprofit organizations | |
| 650 | 0 | |a Nonprofit organizations | |
| 942 | |c BK | ||
| 999 | |c 10170 |d 10170 | ||